Normal view
MARC view
- Hunt R. Briar
Entry Personal Name
001 - CONTROL NUMBER
- control field: 122588
003 - CONTROL NUMBER IDENTIFIER
- control field: NUST
005 - DATE AND TIME OF LATEST TRANSACTION
- control field: 20240510184147.0
008 - FIXED-LENGTH DATA ELEMENTS
- fixed length control field: 240510|| aca||aabn | a|a d
040 ## - CATALOGING SOURCE
- Original cataloging agency: NUST
- Transcribing agency: NUST
100 ## - HEADING--PERSONAL NAME
- Personal name: Hunt R. Briar
670 ## - SOURCE DATA FOUND
- Source citation: Work cat.: (NUST)609042: Hunt R. Briar, A Guide to MATLAB, 2001.
